| 000 | 00583nam a22002177a 4500 | ||
|---|---|---|---|
| 005 | 20180109114902.0 | ||
| 008 | 180109b xxu||||| |||| 00| 0 eng d | ||
| 020 |
_a978138292925 (pbk) _c₹ 1995.00 |
||
| 040 | _aLoreto College | ||
| 041 | _aEnglish | ||
| 082 |
_a305.4 _bMOR |
||
| 245 | 0 | 3 |
_aThe feminist history reader _cEdited by Sue Morgan |
| 260 |
_aOxon _bRoutledge _c2006 |
||
| 300 |
_a417 p. _b22 cm. |
||
| 650 | _aWomen-History | ||
| 650 | _aWomen-Historiography | ||
| 650 | _aFeminism-Historiography | ||
| 700 | 1 |
_4ed. _aMorgan, Sue |
|
| 850 | _aLCBED | ||
| 942 | _cBK | ||
| 999 |
_c41375 _d91854 |
||